STN 73 6124-2: 2013, Stavba vozoviek Časť 2 Medzerovitý betón
Uložené v:
| Hlavní autori: | , |
|---|---|
| Médium: | Norma |
| Jazyk: | Slovak |
| Vydané: |
Bratislava :
Slovenský ústav technickej normalizácie,
2013.
|
| Témy: | |
| Fyzický popis: |
16 s. |
| Tagy: |
Pridať tag
Žiadne tagy, Buďte prvý kto otaguje tento záznam!
|
Titul je dostupný aj v ... 

MARC
| LEADER | 00000nam a2200000 a 4500 | ||
|---|---|---|---|
| 001 | 000416821 | ||
| 003 | SVKKK | ||
| 005 | 20130308095947.0 | ||
| 008 | 130308s2013 xo f u #0|| 0#slo c | ||
| 020 | |c (Cena je určená počtom strán) | ||
| 040 | |a SVK |b slo |c SVK |e AACR2 | ||
| 041 | 0 | # | |a slo |
| 044 | |a xo |c SK | ||
| 046 | |a s |m 201303 (účin.) | ||
| 084 | |a 93.080.10 |2 ICS | ||
| 084 | |a 91.100.30 |2 ICS | ||
| 245 | 0 | 0 | |a STN 73 6124-2: 2013, Stavba vozoviek |n Časť 2 |p Medzerovitý betón |
| 246 | 1 | 0 | |a Stavba vozoviek |
| 260 | # | |a Bratislava : |b Slovenský ústav technickej normalizácie, |c 2013. | |
| 300 | |a 16 s. | ||
| 500 | |a Táto norma spolu s európskymi normami STN EN 14227-1 z augusta 2005, STN EN 14227-2, STN EN 14227-3, STN EN 14227-5 z októbra 2005 a STN 73 6124-1 z novembra 2011 nahrádza STN 73 6124 z apríla 1996 v celom rozsahu | ||
| 500 | |a Spracovateľ: Ľubomír Polakovič, Jozef Kollár. Technická komisia: TK 94 Cestné staviteľstvo | ||
| 540 | |a Normy sa podľa zákona č. 264/1999 Z. z. nesmú kopírovať | ||
| 655 | 7 | |a normy |2 SNKPH | |
| 700 | 1 | # | |a Polakovič, Ľubomír |4 aut |
| 700 | 1 | # | |a Kollár, Jozef |4 aut |
| 710 | 2 | # | |a Slovenský ústav technickej normalizácie (Bratislava, Slovensko) |b Technická komisia č. 94 Cestné staviteľstvo |4 stn |
| 910 | |a svkkk | ||
| 998 | |a NO | ||
| 090 | |g SCKHL |k Normy Pribinova 1 |a STN 73 6124-2 |j 6052 |i B281113 |s Normy-prez. | ||